Online
Catalog
Normal view MARC view

Entry Nombre corporativo

Number of records used in: 109

001 - NÚMERO DE CONTROL

  • campo de control: 83405

003 - IDENTIFICADOR DEL NÚMERO DE CONTROL

  • campo de control: DO-SdBNP

005 - FECHA Y HORA DE LA ÚLTIMA TRANSACCIÓN

  • campo de control: 20250131173033.0

008 - DATOS DE LONGITUD FIJA

  • campo de control de longitud fija: 230517|| aca||aabn | a|a d

010 ## - NÚMERO DE CONTROL DE LA BIBLIOTECA DEL CONGRESO

  • Número de control de LC: n 81095206
  • Número de control de LC cancelado o no válido: n 80146302

040 ## - FUENTE DE LA CATALOGACIÓN

  • Centro catalogador/agencia de origen: DO-SdBNP
  • Lengua de catalogación: spa
  • Centro/agencia transcriptor: DO-SdBNP
  • Normas de descripción: rda

110 2# - ENCABEZAMIENTO-NOMBRE DE ENTIDAD CORPORATIVA

  • Nombre de entidad corporativa o nombre de jurisdicción como elemento de entrada: Banco Central de la República Dominicana

370 ## - LUGAR ASOCIADO

  • Lugar de nacimiento: Santo Domingo (República Dominicana)

371 ## - DIRECCIÓN

  • Dirección: Av. Pedro Henríquez Ureña esq. Av. Leopoldo Navarro,
  • Ciudad: Santo Domingo de Guzmán, Distrito Nacional
  • País: República Dominicana

377 ## - LENGUA/LENGUAJE ASOCIADO

  • Código del idioma: spa
  • Término de lengua/lenguaje: Español

410 2# - TRAZADO DE VÉASE--NOMBRE DE ENTIDAD CORPORATIVA

  • Nombre de entidad corporativa o nombre de jurisdicción como elemento de entrada: Central Bank of the Dominican Republic

410 2# - TRAZADO DE VÉASE--NOMBRE DE ENTIDAD CORPORATIVA

  • Nombre de entidad corporativa o nombre de jurisdicción como elemento de entrada: Banco Central (Dominican Republic)

410 2# - TRAZADO DE VÉASE--NOMBRE DE ENTIDAD CORPORATIVA

  • Nombre de entidad corporativa o nombre de jurisdicción como elemento de entrada: Dominican Republic.
  • Unidad subordinada: Banco Central

410 2# - TRAZADO DE VÉASE--NOMBRE DE ENTIDAD CORPORATIVA

  • Nombre de entidad corporativa o nombre de jurisdicción como elemento de entrada: Dominican Republic.
  • Unidad subordinada: Central Bank

670 ## - FUENTE DE DATOS ENCONTRADOS

  • Cita de la fuente: Work cat.: (DO-SdBNP)53549: 67425, Análisis de la Coyuntura Internacional :

670 ## - FUENTE DE DATOS ENCONTRADOS

  • Cita de la fuente: Cuadros estadisticos , 1948-

670 ## - FUENTE DE DATOS ENCONTRADOS

  • Cita de la fuente: The Dominican Republic ... 1978:
  • Información encontrada: p. 7 (Central Bank of the Dominican Republic)

670 ## - FUENTE DE DATOS ENCONTRADOS

  • Cita de la fuente: Estudio de pre-factibilidad para la instalación de una granja de camarones de agua dulce, 1984:
  • Información encontrada: portada (Banco Central) cubierta (Banco Central de la República Dominicana)

678 ## - DATOS BIOGRÁFICOS O HISTÓRICOS

  • Datos biográficos o históricos: El Banco Central de la República Dominicana fue creado el 9 de octubre de 1947 por orden del entonces presidente Rafael Leónidas Trujillo, de conformidad con la Ley Orgánica No.1529, e inició sus operaciones el 23 de octubre del mismo año, instituyéndose como una entidad descentralizada y con plena autonomía. En la actualidad se rige por la Ley Orgánica n.º 6142 del 29 de diciembre de 1962 y sus modificaciones.
  • Identificador Uniforme del Recurso: https://es.wikipedia.org/wiki/Banco_Central_de_la_Rep%C3%BAblica_Dominicana Consultado en 31 de enero, 2025

Powered by Koha